000 00584nam a22001937a 4500
005 20170405170659.0
010 _aENG-117611
020 _a9788179105399
_c950.00
035 _aEN-101143
037 _bDABD/PUB
082 _a630
100 _aTrivedi,P.C.
245 _aBio-exploitation for sustainable agriculture /
_cby P.C. Trivedi
260 _aJaipur
_bAavishar Publishars, Distributors
_c2016
270 _a807,Vyas Building, Chaura Rasta
_bJaipur
_e302003
300 _axxiii,207p.
_c23cm(Hb)
500 _aIncludes index
942 _2ddc
_cEN
_h630
_mTRI
999 _c138667
_d138667